| 000 | 00841nam a2200253Ia 4500 | ||
|---|---|---|---|
| 003 | OSt | ||
| 005 | 20220923214844.0 | ||
| 006 | a|||||r|||| 00| 0 | ||
| 007 | ta | ||
| 008 | 220922b |||||||| |||| 00| 0 hin d | ||
| 024 | _a173,323 | ||
| 037 | _cTextual | ||
| 040 |
_aARTS _cARTS _bhin |
||
| 041 |
_2hin _ahin |
||
| 082 | _aO152,6x, J2 | ||
| 100 | _aचतुर्वेदी, बनारसीदास | ||
| 245 | 0 | _aरेखाचित्र | |
| 246 | _aRekhāchitra | ||
| 260 | _c1952 | ||
| 490 | _aज्ञानपीठ लोकोदय ग्रंथमाल, हिन्दी ग्रंथांक; 21 | ||
| 650 |
_aहिन्दी साहित्य _9156264 |
||
| 942 |
_hO152,6x, J2 _cTEXL _2CC |
||
| 999 |
_c327230 _d327230 |
||